| 000 | 01799nam a2200289Ia 4500 | ||
|---|---|---|---|
| 999 |
_c36798 _d36798 |
||
| 001 | 2738 | ||
| 003 | GE_BSU | ||
| 005 | 20190606153913.0 | ||
| 008 | 181216s2011||||ge |||||||||||||| ||geo|| | ||
| 020 | _a9789941917424 | ||
| 040 | _cGE_BSU | ||
| 041 | _ageo | ||
| 080 | _a321.7 ტ–66 | ||
| 100 |
_aტოკვილი, ალექსის დე _92227 |
||
| 245 |
_aდემოკრატია ამერიკაში / _cალექსის დე ტოკვილი ; ფრანგ. თარგმნა დოდო ლაბუჩიძე-ხოფერიამ ; სამეცნ. რედ.: თენგიზ ირემაძე და სხვ. ; გრ. რობაქიძის სახ. უნ-ტი, ფილოს. და სოც. მეცნ. კვლევითი ინ-ტი |
||
| 264 |
_aთბილისი : _bგრ. რობაქიძის სახ. უნ-ტის გამ-ბა, _c2011. |
||
| 300 |
_a588 გვ.; _b29 სმ. |
||
| 500 | _aსახელთა საძ.: გვ. 585-586. - შენიშვნ.: გვ. 551-584. | ||
| 541 | _h35 ლ. | ||
| 653 | _aდემოკრატია ამერიკაში | ||
| 700 |
_aლაბუჩიძე-ხოფერია, დოდო _eმთარგმნელი _92228 |
||
| 700 |
_aირემაძე, თენგიზ _eრედაქტორი _92229 |
||
| 700 |
_aზაქარაძე, ლალი _eრედაქტორი _92152 |
||
| 700 |
_aთავაძე, გიორგი _eრედაქტორი _92230 |
||
| 710 |
_aგრ. რობაქიძის სახ. უნ-ტი _bფილოს. და სოც. მეცნ. კვლევითი ინ-ტი _92231 |
||
| 942 |
_cBK _2udc |
||